000 00324nam a2200145Ia 4500
008 090124s9999 xx 000 0 und d
082 _b402643
245 _a आलम आरा
250 _a1
260 _c1990
300 _a148
630 _a आलम आरा
730 _a आलम आरा
942 _cBOOK
999 _c199103
_d199103